000 00498nab a2200145Ia 4500
003 ES-SlBCS
005 20230721011012.0
008 140529s2012 xxu||||| |||| 00| 0 eng d
041 _aeng
100 1 _aSchmitz, Kenneth
_9154331
245 0 0 _aTowards the Reciprocity of Man and Nature: Receptivity, Normativity, and Procreativity
_c Kenneth Schmitz
600 0 0 _aTomás de Aquino,
_cSanto
_d(1225?-1274)
_91535
773 0 _tNova et Vetera
_gvol. 10, nº. 1, 2012, págs. 81-94
_wRev297
942 _cAR
999 _c525182
_d525182